| 000 | 00818nam a2200229 i 4500 | ||
|---|---|---|---|
| 001 | 129101 | ||
| 003 | ES-MaACL | ||
| 007 | t| | ||
| 008 | 070605s1984 sp ||||1| spa d | ||
| 080 | _a025.17:778.14 | ||
| 100 | 1 |
_aTeague, S. J. _9109491 |
|
| 245 | 1 | 0 |
_aBiblioteca moderna _b: microformas, microfichas / _cS.J. Teague ; [traducción, Sara Espinosa Valle]. |
| 260 |
_a[Barcelona] : _bMitre, _c[1984] |
||
| 300 |
_a168 p. : _bil. ; _c22 cm. |
||
| 490 | 1 | _aTextos de informática y documentación | |
| 650 | 1 | 4 |
_aBibliotecas- _xColecciones especiales- _vMicroformas. _910533 |
| 650 | 1 | 4 |
_aBibliotecas- _xServicios audiovisuales. _910541 |
| 700 | 1 |
_aEspinosa Valle, Sara. _947921 |
|
| 830 | 0 |
_aTextos de informática y documentación _9182125 |
|
| 852 |
_aES-MaACL _jL-6766 _bR.107765 |
||
| 999 |
_c129101 _d129101 |
||